000 00591nam a2200217 a 4500
999 _c1851
_d1851
001 1851
003 BD-JhCC
005 20210930134020.0
008 171025s1958 ai |||| ||a| 000 0 eng d
035 _a(BD-JhCC) 1851
040 _aBD-JhCC
_dBD-JhCC
041 _aeng
082 _a813.4
_bHOW 1958
100 _aHoells, William Dean
245 _aThe Rise of Silas Lapham /
_cWilliam Dean Howells
260 _aNewyork :
_bA Perennil Classic Harper and Row, Publishers Newyork ,
_c1958
300 _a333 p .:
_c22 cm .
650 _aRich People
942 _2ddc
_cBK
_03